Phytohormones and related compounds a comprehensive treatise V 2. Phytohormones and the development of higher plants (Record no. 35431)

MARC details
000 -LEADER
fixed length control field 00393nam a2200121Ia 4500
082 ## - DEWEY DECIMAL CLASSIFICATION NUMBER
Classification number 577.175.1
Item number LET.2
245 #0 - TITLE STATEMENT
Title Phytohormones and related compounds a comprehensive treatise V 2. Phytohormones and the development of higher plants
260 ## - PUBLICATION, DISTRIBUTION, ETC. (IMPRINT)
Place of publication Amsterdam
Name of publisher Elsevier
Year of publication 1978
650 ## - SUBJECT ADDED ENTRY--TOPICAL TERM
Topical Term Phytohormones
700 ## - ADDED ENTRY--PERSONAL NAME
Personal name Letham, D S
942 ## - ADDED ENTRY ELEMENTS (KOHA)
Koha item type Books
Holdings
Withdrawn status Lost status Damaged status Not for loan Home library Current library Date acquired Cost, normal purchase price Full call number Accession Number Koha item type
        RRII Library RRII Library 16/12/2021 400.00 577.175.1 LET.2 15856 Books